Online
Catalog

Lengua Española 4 : (Record no. 56540)

MARC details
000 -CABECERA
campo de control de longitud fija 01517nam a2200349 i 4500
003 - IDENTIFICADOR DEL NÚMERO DE CONTROL
campo de control DO-SdBNP
005 - FECHA Y HORA DE LA ÚLTIMA TRANSACCIÓN
campo de control 20240426151441.0
007 - CAMPO FIJO DE DESCRIPCIÓN FÍSICA--INFORMACIÓN GENERAL
campo de control de longitud fija ta
008 - DATOS DE LONGITUD FIJA--INFORMACIÓN GENERAL
campo de control de longitud fija 240426b2019 dr a|||| |||| 00| 0 spa d
020 ## - NÚMERO INTERNACIONAL ESTÁNDAR DEL LIBRO
Número Internacional Estándar del Libro 9789945177442
040 ## - FUENTE DE LA CATALOGACIÓN
Centro catalogador/agencia de origen DO-SdBNP
Lengua de catalogación spa
Centro/agencia transcriptor BNPHU
Normas de descripción rda
082 #4 - NÚMERO DE LA CLASIFICACIÓN DECIMAL DEWEY
Número de edición 22
245 00 - MENCIÓN DE TÍTULO
Título Lengua Española 4 :
Resto del título del proyecto editorial de educación primaria /
Mención de responsabilidad, etc. colaboración, Luz Adames Sirí, Enmanuel Peña, María Fernanda Valdemiro Meza, Sergio Andrade Legua, Estrella Léniz Ulloa ; edición, Elias Herrera Jerez ; corrección, José Roques Paulino ; ilustraciones, Juan Pablo Feliz, Wi-Hen Fung, Roberto del Real Ekdahi, Paula Vásquez González.
264 #4 - PRODUCCIÓN, PUBLICACIÓN, DISTRIBUCIÓN, FABRICACIÓN Y COPYRIGHT
Producción, publicación, distribución, fabricación y copyright Santo Domingo :
Nombre del de productor, editor, distribuidor, fabricante S M,
Fecha de producción, publicación, distribución, fabricación o copyright 2019.
300 ## - DESCRIPCIÓN FÍSICA
Extensión 239 páginas :
Otras características físicas Ilustraciones ;
Dimensiones 27 cm.
336 ## - TIPO DE CONTENIDO
Fuente rdacontent
Término de tipo de contenido texto
Código de tipo de contenido txt
337 ## - TIPO DE MEDIO
Fuente rdamedia
Nombre/término del tipo de medio sin mediación
Código del tipo de medio n
338 ## - TIPO DE SOPORTE
Fuente rdacarrier
Nombre/término del tipo de soporte volumen
Código del tipo de soporte nc
490 ## - MENCIÓN DE SERIE
Mención de serie Savia
590 ## - NOTA LOCAL (RLIN)
Nota local Inventariado 2024/BT
700 1# - PUNTO DE ACCESO ADICIONAL--NOMBRE DE PERSONA
Nombre de persona Adames Sirí, Luz,
Término indicativo de función/relación colaboración
9 (RLIN) 85304
700 1# - PUNTO DE ACCESO ADICIONAL--NOMBRE DE PERSONA
Nombre de persona Peña, Enmanuel,
Término indicativo de función/relación colaboración
9 (RLIN) 85305
700 1# - PUNTO DE ACCESO ADICIONAL--NOMBRE DE PERSONA
Nombre de persona Valdebenito Meza, María Fernanda,
Término indicativo de función/relación colaboración
9 (RLIN) 85306
700 1# - PUNTO DE ACCESO ADICIONAL--NOMBRE DE PERSONA
Nombre de persona Andrade Legua, Sergio,
Término indicativo de función/relación colaboración
9 (RLIN) 85307
700 1# - PUNTO DE ACCESO ADICIONAL--NOMBRE DE PERSONA
Nombre de persona Roques Paulino, Josie,
Término indicativo de función/relación corrección
9 (RLIN) 85308
700 1# - PUNTO DE ACCESO ADICIONAL--NOMBRE DE PERSONA
Nombre de persona Feliz, Juan Pablo,
Término indicativo de función/relación ilustración
9 (RLIN) 85309
700 1# - PUNTO DE ACCESO ADICIONAL--NOMBRE DE PERSONA
Nombre de persona Fung, Wi-Hen,
Término indicativo de función/relación ilustración
9 (RLIN) 73248
700 1# - PUNTO DE ACCESO ADICIONAL--NOMBRE DE PERSONA
Nombre de persona Real Ekdahi, Roberto del,
Término indicativo de función/relación ilustración
9 (RLIN) 6598
700 1# - PUNTO DE ACCESO ADICIONAL--NOMBRE DE PERSONA
Nombre de persona Vázquez González, Paula,
Término indicativo de función/relación ilustración
9 (RLIN) 85341
910 ## - DATOS DE OPCIÓN DEL USUARIO (OCLC)
Datos de opción del usuario BTavárez
942 ## - ELEMENTOS DE PUNTO DE ACCESO ADICIONAL (KOHA)
Fuente del sistema de clasificación o colocación Dewey Decimal Classification
Tipo de ítem Koha Libro
Holdings
Estado de retiro Estado de pérdida Fuente del sistema de clasificación o colocación Restricciones de uso No para préstamo Localización permanente Ubicación/localización actual Ubicación en estantería Fecha de adquisición Fuente de adquisición Total de préstamos Signatura topográfica completa Código de barras Fecha visto por última vez Precio válido a partir de Tipo de ítem Koha Código de colección Número de copia
    Dewey Decimal Classification Excluido de préstamo   Biblioteca Nacional Pedro Henríquez Ureña Biblioteca Nacional Pedro Henríquez Ureña En catalogación 26.04.2024 Deposito legal   BNPHU PD 2024-2575 26.04.2024 26.04.2024 Libro    
    Dewey Decimal Classification Excluido de préstamo   Biblioteca Nacional Pedro Henríquez Ureña Biblioteca Nacional Pedro Henríquez Ureña En catalogación 26.04.2024 Deposito legal   BNPHU PD 2024-2576 26.04.2024 26.04.2024 Libro Patrimonio Dominicano e.2
    Dewey Decimal Classification Préstamo en sala   Biblioteca Nacional Pedro Henríquez Ureña Biblioteca Nacional Pedro Henríquez Ureña En catalogación 26.04.2024 Deposito legal   BNPHU DS 2024-2577 26.04.2024 26.04.2024 Libro Dominicana de Servicio e.3

Powered by Koha